Logo BPK

Biblioteka

Politechniki Koszalińskiej

Rzadkie i zagrożone rośliny naczyniowe lasów Ziemi Lubuskiej i Łużyc (Regionalna Dyrekcja Lasów Państwowych w Zielonej Górze) / (Rekord nr 40382)

Szczegóły MARC
000 -ETYKIETA REKORDU
podpole kontrolne o stałej długości 00989nam a2200277 i 4500
001 - NUMER KONTROLNY REKORDU
pole kontrolne bg
020 ## - MIĘDZYNARODOWY ZNORMALIZOWANY NUMER KSIĄŻKI - ISBN
ISBN 8387846171
040 ## - ŹRÓDŁO KATALOGOWANIA
Instytucja, która utworzyła rekord BPK
041 0# - KOD JĘZYKA
Kod języka tekstu pl
080 ## - UNIWERSALNA KLASYFIKACJA DZIESIĘTNA - UKD
UKD 582.35+582.4:630.16](438:)(07)
920 ## - Międzynarodowy znormalizowany numer książki – ISBN
ISBN 83-87846-17-1
008 - POLE O STAŁEJ DŁUGOŚCI - DANE KONTROLNE
podpole kontrolne o stałej długości s pl f |000 0 pol
100 1# - NAZWA OSOBOWA
Nazwa osobowa KUJAWA-PAWLACZYK, Jolanta
245 10 - TYTUŁ/ODPOWIEDZIALNOŚĆ
Tytuł Rzadkie i zagrożone rośliny naczyniowe lasów Ziemi Lubuskiej i Łużyc (Regionalna Dyrekcja Lasów Państwowych w Zielonej Górze) /
Pozostałe elementy strefy tytułu i oznaczenia odpowiedzialności Jolanta Kujawa-Pawlaczyk, Paweł Pawlaczyk.
260 ## - STREFA ADRESU WYDAWNICZEGO
Miejsce wydania Świebodzin :
Nazwa wydawcy/dystrybutora Wydaw. Lubuskiego Klubu Przyrodników,
Data publikacji, dystrybucji/powstania dokumentu 2001.
300 ## - STREFA OPISU FIZYCZNEGO
Objętość 222 s. ;
Rozmiary rys. +
Dokument towarzyszący 23 cm.
504 ## - UWAGA DOTYCZĄCA BIBLIOGRAFII
Informacje o bibliografii Bibliogr.
650 #9 - HASŁO PRZEDMIOTOWE W FORMIE NAZWY OGÓLNEJ LUB JEDNOSTKOWEJ
Nazwa ogólna lub geograficzna Rośliny naczyniowe
Określnik ogólny systematyka
Określnik geograficzny Polska
650 #9 - HASŁO PRZEDMIOTOWE W FORMIE NAZWY OGÓLNEJ LUB JEDNOSTKOWEJ
Nazwa ogólna lub geograficzna Runo leśne
651 #9 - HASŁO PRZEDMIOTOWE W FORMIE NAZWY GEOGRAFICZNEJ
Nazwa geograficzna Lubuska, Ziemia
Określnik ogólny flora
651 #9 - HASŁO PRZEDMIOTOWE W FORMIE NAZWY GEOGRAFICZNEJ
Nazwa geograficzna Łużyce
Określnik ogólny flora
655 ## - TERMIN INDEKSOWY - OKREŚLENIE RODZAJU/FORMY DOKUMENTU
Określenie rodzaju/formy dokumentu Podręczniki
700 1# - HASŁO DODATKOWE - NAZWA OSOBOWA
Nazwa osobowa PAWLACZYK, Paweł
856 ## - LOKALIZACJA I DOSTĘP DO ELEKTRONICZNYCH DOKUMENTÓW ZDALNYCH
Link (URL) http://koha.tu.koszalin.pl/cgi-bin/koha/opac-detail.pl?biblionumber=40382
Tekst linku Katalog online BPK
942 ## - DODATKOWE ELEMENTY (KOHA)
Typ dokumentu Książka
Egzemplarze
Wycofany Status egzemplarza Uszkodzony Dostępność Lokalizacja stała Lokalizacja bieżąca Miejsce przechowywania Sygnatura Kod kreskowy Dział Typ dokumentu Ostatnio wypożyczono
      Tylko na miejscu Biblioteka Politechniki Koszalińskiej Biblioteka Politechniki Koszalińskiej Czytelnia BG 61105 01636581 58 Botanika Książka  
      Dostępny Biblioteka Politechniki Koszalińskiej Biblioteka Politechniki Koszalińskiej Wypożyczalnia BG 61106 01636574   Książka 24.02.2017
© 2023 Biblioteka Politechniki Koszalińskiej :: KOHA